South Eastern Kenya University

Library Online Public Access Catalogue


Tacklingthe frequent forest fire incidence in Ethiopia (Record no. 17928)

MARC details
000 -LEADER
fixed length control field 00444nam a22001697a 4500
003 - CONTROL NUMBER IDENTIFIER
control field OSt
005 - DATE AND TIME OF LATEST TRANSACTION
control field 20201203094546.0
008 - FIXED-LENGTH DATA ELEMENTS--GENERAL INFORMATION
fixed length control field 201203b ||||| |||| 00| 0 eng d
040 ## - CATALOGING SOURCE
Original cataloging agency SEKU
050 ## - LIBRARY OF CONGRESS CALL NUMBER
Classification number SD 421. F4
100 ## - MAIN ENTRY--PERSONAL NAME
Relator code Sintayehu, Messay
245 ## - TITLE STATEMENT
Title Tacklingthe frequent forest fire incidence in Ethiopia
260 ## - PUBLICATION, DISTRIBUTION, ETC. (IMPRINT)
Place of publication, distribution, etc. Addis Addis, Ethiopia:
Name of publisher, distributor, etc. Forum for Environment,
Date of publication, distribution, etc. 2009,
300 ## - PHYSICAL DESCRIPTION
Extent 122p.
650 ## - SUBJECT ADDED ENTRY--TOPICAL TERM
Source of heading or term Forest
942 ## - ADDED ENTRY ELEMENTS (KOHA)
Koha item type General circulation
Holdings
Withdrawn status Lost status Source of classification or shelving scheme Damaged status Not for loan Home library Current library Shelving location Date acquired Source of acquisition Total Checkouts Full call number Barcode Date last seen Price effective from Koha item type
    Library of Congress Classification     Main Campus Library Main Campus Library General Stacks 03/12/2020 Donation   SD 421. F4 2017/020700 03/12/2020 03/12/2020 General circulation
Kitui, Kenya.
+254736116989
library@seku.ac.ke